000 00354nam a2200169Ia 4500
100 _aChun/Russell
650 _aFlash
942 _cBK
366 _f17.5
654 _aflash
245 _aMacromedia Flash advanced
260 _bPearson Education
_aMumbai
_c2006
082 _a005.133/CHU
_bCHU
300 _a662
546 _aENGLISH
999 _c30300
_d30300